00340nam a2200145Ia 4500008004100000020001500041041001200056082001600068100001600084245002900100260002500129300001000154650001400164700001600178221030s9999 xx 000 0 und d a8120315561 aEnglish a105.23bMey aM. W. Meyer 0aComputers in Your Future bPHIaNew Delhic1999 a12.55 aComputers aR. L. Baber